[Event "30th Cracovia Festival-A 2019"]
[Site "Krakow"]
[Date "2019.12.30"]
[Round "5.5"]
[White "Jarmula, Lukasz"]
[Black "Farkas, Gabor"]
[Result "1/2-1/2"]
[WhiteElo "2466"]
[BlackElo "2357"]
[Annotator "ChessBase"]
[PlyCount "60"]
[EventDate "2019.12.27"]
[EventCountry "POL"]
[SourceTitle "playchess.com"]
[Source "ChessBase"]
[SourceQuality "1"]
[TimeControl "40/5400+30:1800+30"]

1. e4 {[%emt 0:00:00]} c5 {[%emt 0:00:00]} 2. Nf3 {[%emt 0:00:00]} Nc6 {[%emt 0:00:00]} 3. Bb5 {[%emt 0:00:00]} d6 {[%emt 0:00:00]} 4. O-O {[%emt 0:00:27]} Bd7 {[%emt 0:00:19]} 5. Re1 {[%emt 0:00:38]} Nf6 {[%emt 0:00:08]} 6. c3 {[%emt 0:00:14]} a6 {[%emt 0:00:06]} 7. Bf1 {[%emt 0:01:15]} Bg4 {[%emt 0:00:57]} 8. h3 {[%emt 0:06:20]} Bh5 {[%emt 0:04:09]} 9. d4 {[%emt 0:11:47]} cxd4 {[%emt 0:05:39]} 10. cxd4 {[%emt 0:00:11]} e5 {[%emt 0:09:25]} 11. g4 {[%emt 0:00:34]} Bg6 {[%emt 0:00:16]} 12. Nc3 {[%emt 0:00:07]} h6 {[%emt 0:03:17]} 13. d5 {[%emt 0:05:49]} Nb8 {[%emt 0:04:26]} 14. Nh4 {[%emt 0:02:48]} Be7 {[%emt 0:14:57]} 15. Nf5 {[%emt 0:12:21]} Bxf5 {[%emt 0:03:15]} 16. exf5 {[%emt 0:01:14]} Nbd7 {[%emt 0:02:25]} 17. a4 {[%emt 0:02:07]} Qa5 {[%emt 0:02:46]} 18. Rb1 {[%emt 0:04:46]} Qb4 {[%emt 0:06:20]} 19. Bd2 {[%emt 0:04:03]} Qd4 {[%emt 0:02:14]} 20. Be3 {[%emt 0:10:57]} Qxd1 {[%emt 0:01:30]} 21. Rexd1 {[%emt 0:01:30]} Rc8 {[%emt 0:01:23]} 22. Be2 {[%emt 0:03:39]} Nc5 {[%emt 0:10:53]} 23. f3 {[%emt 0:03:56]} Nb3 {[%emt 0:01:11]} 24. h4 {[%emt 0:02:49]} Nd7 {[%emt 0:00:26]} 25. Ne4 {[%emt 0:01:27]} Ndc5 {[%emt 0:00:32]} 26. Nxc5 {[%emt 0:04:28]} Nxc5 {[%emt 0:02:53]} 27. Rbc1 {[%emt 0:00:05]} Kd7 {[%emt 0:03:07]} 28. Bxc5 {[%emt 0:00:09]} Rxc5 {[%emt 0:00:12]} 29. Rxc5 {[%emt 0:00:07]} dxc5 {[%emt 0:00:05]} 30. h5 {[%emt 0:00:20]} Kd6 {[%emt 0:00:59]} 1/2-1/2

[Event "30th Cracovia Festival-A 2019"]
[Site "Krakow"]
[Date "2019.12.30"]
[Round "5.6"]
[White "Evchin, Maxim"]
[Black "Nikitenko, Mihail"]
[Result "1-0"]
[WhiteElo "2315"]
[BlackElo "2422"]
[Annotator "NA"]
[PlyCount "107"]
[EventDate "2019.12.27"]
[EventCountry "POL"]
[SourceTitle "playchess.com"]
[Source "ChessBase"]
[SourceQuality "1"]
[TimeControl "40/5400+30:1800+30"]

1. e4 {[%emt 0:00:00]} e6 {[%emt 0:00:07]} 2. d4 {[%emt 0:00:00]} d5 {[%emt 0:00:07]} 3. Nd2 {[%emt 0:00:00]} c5 {[%emt 0:00:12]} 4. exd5 {[%emt 0:00:02]} Qxd5 {[%emt 0:00:11]} 5. dxc5 {[%emt 0:00:06]} Qxc5 {[%emt 0:01:43]} 6. Ngf3 {[%emt 0:00:10]} Nf6 {[%emt 0:00:20]} 7. Bd3 {[%emt 0:00:14]} Be7 {[%emt 0:01:35]} 8. O-O {[%emt 0:00:07]} O-O {[%emt 0:00:06]} 9. a4 {[%emt 0:00:06]} Qc7 {[%emt 0:01:06]} 10. a5 {[%emt 0:03:44]} Nc6 {[%emt 0:01:20]} 11. Nc4 {[%emt 0:03:29]} Rd8 {[%emt 0:01:05]} 12. Bd2 {[%emt 0:05:12]} Nb4 {[%emt 0:03:25]} 13. Bxb4 {[%emt 0:02:36]} Bxb4 {[%emt 0:00:05]} 14. Nfe5 {[%emt 0:01:20]} Rd5 {[%emt 0:03:12]} 15. Ra4 {[%emt 0:06:27]} Bxa5 {[%emt 0:04:08]} 16. Qa1 {[%emt 0:00:39]} Bb6 {[%emt 0:04:34]} 17. Nxb6 {[%emt 0:00:12]} Qxb6 {[%emt 0:00:05]} 18. Nc4 {[%emt 0:00:33]} Qc7 {[%emt 0:05:53]} 19. Rxa7 {[%emt 0:01:15]} Rb8 {[%emt 0:01:57]} 20. h3 {[%emt 0:13:23]} Rg5 {[%emt 0:02:55]} 21. f4 {[%emt 0:02:38]} Rd5 {[%emt 0:01:48]} 22. Qe1 {[%emt 0:09:02]} g6 {[%emt 0:07:53]} 23. Qf2 {[%emt 0:02:03]} Bd7 {[%emt 0:03:04]} 24. Ne5 {[%emt 0:06:44]} Bc6 {[%emt 0:03:58]} 25. c4 {[%emt 0:03:52]} Rd6 {[%emt 0:01:19]} 26. c5 {[%emt 0:04:47]} Rd5 {[%emt 0:01:49]} 27. b4 {[%emt 0:00:32]} Rdd8 {[%emt 0:13:29]} 28. b5 {[%emt 0:04:05]} Be4 {[%emt 0:01:23]} 29. b6 {[%emt 0:00:25]} Qc8 {[%emt 0:00:14]} 30. Bb5 {[%emt 0:01:50]} Rd5 {[%emt 0:04:18]} 31. Rc1 {[%emt 0:03:08]} Qf8 {[%emt 0:04:33]} 32. Bf1 {[%emt 0:03:02]} Nd7 {[%emt 0:10:52]} 33. Nxd7 {[%emt 0:04:19]} Rxd7 {[%emt 0:00:04]} 34. c6 {[%emt 0:00:13]} Rd6 {[%emt 0:00:08]} 35. c7 {[%emt 0:01:59]} Rc8 {[%emt 0:00:03]} 36. Rca1 {[%emt 0:05:05]} Bc6 {[%emt 0:03:11]} 37. Qe3 {[%emt 0:00:30]} Qe8 {[%emt 0:03:54]} 38. f5 {[%emt 0:02:14]} e5 {[%emt 0:01:11]} 39. Qa3 {[%emt 0:02:25]} Rd2 {[%emt 0:03:57]} 40. Ra8 {[%emt 0:00:00]} Kg7 {[%emt 0:00:00]} 41. f6+ {[%emt 0:05:15]} Kxf6 {[%emt 0:03:34]} 42. Rxc8 {[%emt 0:00:06]} Qxc8 {[%emt 0:00:03]} 43. Qa8 {[%emt 0:00:06]} Qd7 {[%emt 0:03:42]} 44. c8=Q {[%emt 0:00:29]} Rxg2+ {[%emt 0:00:27]} 45. Bxg2 {[%emt 0:00:43]} Qd4+ {[%emt 0:00:02]} 46. Kh1 {[%emt 0:01:03]} Bxg2+ {[%emt 0:00:10]} 47. Kxg2 {[%emt 0:00:02]} Qd2+ {[%emt 0:00:33]} 48. Kf1 {[%emt 0:00:10]} Qd3+ {[%emt 0:00:03]} 49. Ke1 {[%emt 0:00:12]} Qe3+ {[%emt 0:00:04]} 50. Kd1 {[%emt 0:00:05]} Qd3+ {[%emt 0:00:02]} 51. Kc1 {[%emt 0:00:16]} Qe3+ {[%emt 0:00:05]} 52. Kc2 {[%emt 0:01:20]} Qe2+ {[%emt 0:00:30]} 53. Kb3 {[%emt 0:01:33]} Qb5+ {[%emt 0:00:04]} 54. Kc3 {[%emt 0:00:17]} 1-0

[Event "30th Cracovia Festival-A 2019"]
[Site "Krakow"]
[Date "2019.12.30"]
[Round "5.7"]
[White "Sabuk, Piotr"]
[Black "Kozak, Antoni"]
[Result "1-0"]
[WhiteElo "2354"]
[BlackElo "2372"]
[Annotator "NA"]
[PlyCount "43"]
[EventDate "2019.12.27"]
[EventCountry "POL"]
[SourceTitle "playchess.com"]
[Source "ChessBase"]
[SourceQuality "1"]
[TimeControl "40/5400+30:1800+30"]

1. d4 {[%emt 0:06:46]} Nf6 {[%emt 0:00:00]} 2. Bf4 {[%emt 0:00:18]} c5 {[%emt 0:08:59]} 3. d5 {[%emt 0:00:30]} Qb6 {[%emt 0:03:50]} 4. Nc3 {[%emt 0:01:39]} Qxb2 {[%emt 0:01:08]} 5. Bd2 {[%emt 0:00:58]} Qb6 {[%emt 0:00:18]} 6. e4 {[%emt 0:01:38]} d6 {[%emt 0:13:03]} 7. f4 {[%emt 0:07:31]} e5 {[%emt 0:00:52]} 8. Nf3 {[%emt 0:02:52]} Nbd7 {[%emt 0:08:05]} 9. Rb1 {[%emt 0:19:10]} Qd8 {[%emt 0:03:16]} 10. fxe5 {[%emt 0:03:52]} dxe5 {[%emt 0:04:34]} 11. Bb5 {[%emt 0:05:13]} a6 {[%emt 0:17:11]} 12. Bxd7+ {[%emt 0:01:27]} Nxd7 {[%emt 0:00:07]} 13. O-O {[%emt 0:01:25]} f6 {[%emt 0:11:29]} 14. Nh4 {[%emt 0:06:40]} g6 {[%emt 0:01:10]} 15. d6 {[%emt 0:06:57]} Bg7 {[%emt 0:00:05]} 16. Nd5 {[%emt 0:00:39]} O-O {[%emt 0:00:05]} 17. Ne7+ {[%emt 0:02:53]} Kf7 {[%emt 0:01:30]} 18. Ba5 {[%emt 0:01:57]} Qxa5 {[%emt 0:00:39]} 19. Qd5+ {[%emt 0:00:21]} Ke8 {[%emt 0:00:01]} 20. Qe6 {[%emt 0:01:17]} Kd8 {[%emt 0:01:20]} 21. Nc6+ {[%emt 0:00:14]} bxc6 {[%emt 0:00:05]} 22. Qe7# {[%emt 0:00:05]} 1-0

[Event "30th Cracovia Festival-A 2019"]
[Site "Krakow"]
[Date "2019.12.30"]
[Round "5.9"]
[White "Grinev, Valeriy"]
[Black "Szustakowski, Antoni"]
[Result "1-0"]
[WhiteElo "2441"]
[BlackElo "2299"]
[Annotator "NA RC"]
[PlyCount "63"]
[EventDate "2019.12.27"]
[EventCountry "POL"]
[SourceTitle "playchess.com"]
[Source "ChessBase"]
[SourceQuality "1"]
[TimeControl "40/5400+30:1800+30"]

1. Nf3 {[%emt 0:00:00]} d5 {[%emt 0:00:00]} 2. g3 {[%emt 0:00:00]} c6 {[%emt 0:00:00]} 3. Bg2 {[%emt 0:00:00]} Bg4 {[%emt 0:00:00]} 4. O-O {[%emt 0:00:09]} e6 {[%emt 0:00:03]} 5. h3 {[%emt 0:00:08]} Bh5 {[%emt 0:00:08]} 6. d4 {[%emt 0:00:07]} Nd7 {[%emt 0:00:21]} 7. c4 {[%emt 0:00:10]} Bd6 {[%emt 0:02:10]} 8. Qb3 {[%emt 0:01:23]} Qb6 {[%emt 0:01:25]} 9. Nc3 {[%emt 0:00:25]} Ngf6 {[%emt 0:16:45]} 10. c5 {[%emt 0:01:02]} Qxb3 {[%emt 0:00:04]} 11. axb3 {[%emt 0:00:08]} Bc7 {[%emt 0:00:03]} 12. b4 {[%emt 0:00:39]} O-O {[%emt 0:00:23]} 13. b5 {[%emt 0:02:08]} Ne4 {[%emt 0:05:39]} 14. bxc6 {[%emt 0:04:35]} bxc6 {[%emt 0:01:33]} 15. Ra6 {[%emt 0:03:28]} Nb8 {[%emt 0:01:08]} 16. Ra3 {[%emt 0:00:09]} a5 {[%emt 0:01:34]} 17. Bf4 {[%emt 0:06:32]} Bd8 {[%emt 0:03:46]} 18. g4 {[%emt 0:03:49]} Bg6 {[%emt 0:00:16]} 19. Ne5 {[%emt 0:00:10]} Nxc3 {[%emt 0:00:57]} 20. bxc3 {[%emt 0:00:09]} f6 {[%emt 0:01:54]} 21. Nxg6 {[%emt 0:00:11]} hxg6 {[%emt 0:00:04]} 22. c4 {[%emt 0:01:52]} Na6 {[%emt 0:00:49]} 23. cxd5 {[%emt 0:01:00]} exd5 {[%emt 0:00:07]} 24. Bd2 {[%emt 0:01:27]} Nc7 {[%emt 0:00:48]} 25. Rxa5 {[%emt 0:00:34]} Rxa5 {[%emt 0:00:06]} 26. Bxa5 {[%emt 0:00:08]} Nb5 {[%emt 0:00:04]} 27. Bxd8 {[%emt 0:00:09]} Rxd8 {[%emt 0:00:04]} 28. e3 {[%emt 0:00:10]} Kf7 {[%emt 0:03:09]} 29. Ra1 {[%emt 0:02:40]} Ke7 {[%emt 0:00:34]} 30. Bf1 {[%emt 0:00:34]} Nc7 {[%emt 0:00:05]} 31. Ra7 {[%emt 0:00:17]} Kd7 {[%emt 0:00:08]} 32. Bd3 {[%emt 0:00:12]} 1-0

[Event "30th Cracovia Festival-A 2019"]
[Site "Krakow"]
[Date "2019.12.30"]
[Round "5.10"]
[White "Kopylov, Michael"]
[Black "Asiimwe, Daniel K"]
[Result "1/2-1/2"]
[WhiteElo "2411"]
[BlackElo "2016"]
[Annotator "NA"]
[PlyCount "27"]
[EventDate "2019.12.27"]
[EventCountry "POL"]
[SourceTitle "playchess.com"]
[Source "ChessBase"]
[SourceQuality "1"]
[TimeControl "40/5400+30:1800+30"]

1. d4 {[%emt 0:00:00]} d5 {[%emt 0:00:03]} 2. c4 {[%emt 0:00:09]} c6 {[%emt 0:00:23]} 3. cxd5 {[%emt 0:01:34]} cxd5 {[%emt 0:00:35]} 4. Nc3 {[%emt 0:00:49]} Nf6 {[%emt 0:02:21]} 5. Bf4 {[%emt 0:01:49]} Nc6 {[%emt 0:00:53]} 6. e3 {[%emt 0:01:10]} a6 {[%emt 0:00:46]} 7. Nf3 {[%emt 0:01:23]} Bf5 {[%emt 0:00:49]} 8. Bd3 {[%emt 0:01:26]} Bxd3 {[%emt 0:00:49]} 9. Qxd3 {[%emt 0:00:12]} e6 {[%emt 0:00:26]} 10. O-O {[%emt 0:00:47]} Bd6 {[%emt 0:00:32]} 11. Bxd6 {[%emt 0:02:13]} Qxd6 {[%emt 0:00:15]} 12. Rfc1 {[%emt 0:05:20]} O-O {[%emt 0:00:52]} 13. Na4 {[%emt 0:03:34]} Ne4 {[%emt 0:03:23]} 14. Nc5 {[%emt 0:01:12]} 1/2-1/2

[Event "30th Cracovia Festival-A 2019"]
[Site "Krakow"]
[Date "2019.12.30"]
[Round "5.11"]
[White "Fus, Jakub"]
[Black "Miroshnichenko, Pavel"]
[Result "1-0"]
[WhiteElo "2363"]
[BlackElo "2270"]
[Annotator "NA"]
[PlyCount "161"]
[EventDate "2019.12.27"]
[EventCountry "POL"]
[SourceTitle "playchess.com"]
[Source "ChessBase"]
[SourceQuality "1"]
[TimeControl "40/5400+30:1800+30"]

1. e4 {[%emt 0:00:00]} e5 {[%emt 0:00:37]} 2. Nf3 {[%emt 0:00:00]} Nc6 {[%emt 0:00:05]} 3. Bc4 {[%emt 0:00:14]} Bc5 {[%emt 0:00:27]} 4. O-O {[%emt 0:00:22]} Nf6 {[%emt 0:00:04]} 5. d3 {[%emt 0:00:22]} O-O {[%emt 0:00:27]} 6. a4 {[%emt 0:00:24]} a6 {[%emt 0:02:27]} 7. Nbd2 {[%emt 0:00:40]} d6 {[%emt 0:00:47]} 8. c3 {[%emt 0:00:39]} Ba7 {[%emt 0:00:26]} 9. h3 {[%emt 0:00:47]} Ne7 {[%emt 0:00:37]} 10. Re1 {[%emt 0:02:04]} Ng6 {[%emt 0:00:21]} 11. b4 {[%emt 0:02:42]} Nf4 {[%emt 0:05:43]} 12. Nf1 {[%emt 0:03:25]} N6h5 {[%emt 0:01:41]} 13. Be3 {[%emt 0:07:27]} Be6 {[%emt 0:03:31]} 14. Bxa7 {[%emt 0:01:53]} Rxa7 {[%emt 0:03:09]} 15. Ne3 {[%emt 0:16:54]} Qf6 {[%emt 0:08:01]} 16. Kh2 {[%emt 0:15:54]} Qh6 {[%emt 0:06:35]} 17. Bxe6 {[%emt 0:05:08]} Qxe6 {[%emt 0:05:29]} 18. Ng1 {[%emt 0:05:49]} Nf6 {[%emt 0:10:51]} 19. g3 {[%emt 0:01:51]} Ng6 {[%emt 0:00:11]} 20. a5 {[%emt 0:08:42]} d5 {[%emt 0:02:45]} 21. Qc2 {[%emt 0:01:26]} Qc6 {[%emt 0:05:36]} 22. f3 {[%emt 0:05:50]} Raa8 {[%emt 0:03:28]} 23. Red1 {[%emt 0:03:37]} Rad8 {[%emt 0:01:30]} 24. c4 {[%emt 0:00:13]} d4 {[%emt 0:01:23]} 25. Nf5 {[%emt 0:00:56]} Rfe8 {[%emt 0:01:19]} 26. Ne2 {[%emt 0:00:49]} Nh5 {[%emt 0:03:06]} 27. Qd2 {[%emt 0:01:38]} h6 {[%emt 0:08:26]} 28. Rg1 {[%emt 0:00:55]} Kh7 {[%emt 0:02:39]} 29. Rg2 {[%emt 0:00:16]} Ne7 {[%emt 0:04:24]} 30. Nxe7 {[%emt 0:02:26]} Rxe7 {[%emt 0:00:09]} 31. g4 {[%emt 0:01:44]} Nf6 {[%emt 0:01:25]} 32. f4 {[%emt 0:01:10]} exf4 {[%emt 0:00:37]} 33. Nxf4 {[%emt 0:00:09]} Qd6 {[%emt 0:06:30]} 34. Kh1 {[%emt 0:00:23]} Qe5 {[%emt 0:02:26]} 35. Rag1 {[%emt 0:01:04]} g5 {[%emt 0:00:21]} 36. Ne2 {[%emt 0:00:15]} Ne8 {[%emt 0:00:36]} 37. Rf1 {[%emt 0:00:44]} Rd6 {[%emt 0:02:46]} 38. Ng3 {[%emt 0:00:22]} Ng7 {[%emt 0:00:13]} 39. Nf5 {[%emt 0:05:24]} Nxf5 {[%emt 0:01:52]} 40. Rxf5 {[%emt 0:00:00]} Qg7 {[%emt 0:00:00]} 41. Qf2 {[%emt 0:00:57]} Kg8 {[%emt 0:05:45]} 42. Qg3 {[%emt 0:02:14]} Rf6 {[%emt 0:02:35]} 43. Rgf2 {[%emt 0:01:39]} Rxf5 {[%emt 0:00:33]} 44. Rxf5 {[%emt 0:00:13]} Rd7 {[%emt 0:06:29]} 45. Qf2 {[%emt 0:02:16]} Qf8 {[%emt 0:00:17]} 46. c5 {[%emt 0:01:06]} Qe7 {[%emt 0:00:08]} 47. Kg2 {[%emt 0:11:18]} Kg7 {[%emt 0:01:11]} 48. h4 {[%emt 0:02:03]} c6 {[%emt 0:02:13]} 49. Qd2 {[%emt 0:03:57]} gxh4 {[%emt 0:06:14]} 50. Kh3 {[%emt 0:01:34]} Rd8 {[%emt 0:03:30]} 51. Qf4 {[%emt 0:01:29]} Qe6 {[%emt 0:04:14]} 52. Kxh4 {[%emt 0:02:41]} Qe7+ {[%emt 0:01:57]} 53. Kg3 {[%emt 0:00:28]} Qe6 {[%emt 0:00:57]} 54. Kh4 {[%emt 0:00:30]} Qe7+ {[%emt 0:00:06]} 55. Kh3 {[%emt 0:00:04]} Qe6 {[%emt 0:00:33]} 56. Rh5 {[%emt 0:01:37]} Rg8 {[%emt 0:04:10]} 57. e5 {[%emt 0:03:28]} Kh7 {[%emt 0:00:52]} 58. Qxd4 {[%emt 0:01:17]} Rg6 {[%emt 0:00:21]} 59. Rf5 {[%emt 0:01:09]} Qb3 {[%emt 0:01:30]} 60. Qe4 {[%emt 0:02:03]} Kg7 {[%emt 0:00:46]} 61. Qf3 {[%emt 0:00:16]} Kg8 {[%emt 0:00:24]} 62. d4 {[%emt 0:02:14]} Qc4 {[%emt 0:01:08]} 63. d5 {[%emt 0:00:11]} Qxd5 {[%emt 0:00:48]} 64. Qxd5 {[%emt 0:00:04]} cxd5 {[%emt 0:00:02]} 65. Rf6 {[%emt 0:00:10]} Rg5 {[%emt 0:00:08]} 66. c6 {[%emt 0:01:02]} bxc6 {[%emt 0:00:15]} 67. Rxc6 {[%emt 0:00:04]} h5 {[%emt 0:02:46]} 68. gxh5 {[%emt 0:00:35]} Rxe5 {[%emt 0:00:05]} 69. Rxa6 {[%emt 0:00:09]} Re3+ {[%emt 0:00:36]} 70. Kg2 {[%emt 0:00:04]} Rb3 {[%emt 0:00:09]} 71. Rb6 {[%emt 0:00:05]} d4 {[%emt 0:00:12]} 72. a6 {[%emt 0:01:18]} Kg7 {[%emt 0:00:20]} 73. Kf2 {[%emt 0:00:38]} Rb2+ {[%emt 0:00:04]} 74. Ke1 {[%emt 0:00:47]} f5 {[%emt 0:00:12]} 75. b5 {[%emt 0:00:03]} Ra2 {[%emt 0:00:04]} 76. Rb7+ {[%emt 0:00:52]} Kh6 {[%emt 0:00:03]} 77. a7 {[%emt 0:00:06]} f4 {[%emt 0:00:09]} 78. b6 {[%emt 0:00:10]} f3 {[%emt 0:00:33]} 79. Rf7 {[%emt 0:00:11]} Ra1+ {[%emt 0:00:39]} 80. Kd2 {[%emt 0:00:09]} Ra6 {[%emt 0:00:21]} 81. Rxf3 {[%emt 0:00:18]} 1-0

[Event "30th Cracovia Festival-A 2019"]
[Site "Krakow"]
[Date "2019.12.30"]
[Round "5.12"]
[White "Niedbala, Bartlomiej"]
[Black "Webersberger, Johann"]
[Result "1/2-1/2"]
[WhiteElo "2239"]
[BlackElo "2358"]
[Annotator "NA"]
[PlyCount "35"]
[EventDate "2019.12.27"]
[EventCountry "POL"]
[SourceTitle "playchess.com"]
[Source "ChessBase"]
[SourceQuality "1"]
[TimeControl "40/5400+30:1800+30"]

1. d4 {[%emt 0:00:00]} Nf6 {[%emt 0:00:00]} 2. c4 {[%emt 0:00:00]} e6 {[%emt 0:00:00]} 3. g3 {[%emt 0:00:25]} d5 {[%emt 0:00:09]} 4. Nf3 {[%emt 0:00:03]} Be7 {[%emt 0:00:13]} 5. Bg2 {[%emt 0:00:05]} O-O {[%emt 0:00:10]} 6. O-O {[%emt 0:00:03]} dxc4 {[%emt 0:00:44]} 7. Qc2 {[%emt 0:04:19]} a6 {[%emt 0:02:53]} 8. a4 {[%emt 0:00:08]} Bd7 {[%emt 0:01:26]} 9. Qxc4 {[%emt 0:00:05]} Bc6 {[%emt 0:00:08]} 10. Bg5 {[%emt 0:00:02]} Nbd7 {[%emt 0:00:51]} 11. Nc3 {[%emt 0:01:35]} a5 {[%emt 0:10:47]} 12. Rfe1 {[%emt 0:06:54]} Bxf3 {[%emt 0:04:58]} 13. Bxf3 {[%emt 0:02:47]} c6 {[%emt 0:00:05]} 14. Rad1 {[%emt 0:03:55]} Qb6 {[%emt 0:05:36]} 15. e4 {[%emt 0:05:37]} Rfe8 {[%emt 0:00:23]} 16. Bc1 {[%emt 0:14:56]} Rad8 {[%emt 0:08:50]} 17. Qf1 {[%emt 0:08:14]} e5 {[%emt 0:04:29]} 18. d5 {[%emt 0:05:06]} 1/2-1/2

[Event "30th Cracovia Festival-A 2019"]
[Site "Krakow"]
[Date "2019.12.30"]
[Round "5.13"]
[White "Chmiel, Marcin"]
[Black "Plichta, Kamil"]
[Result "1-0"]
[WhiteElo "2230"]
[BlackElo "2353"]
[Annotator "TA"]
[PlyCount "47"]
[EventDate "2019.12.27"]
[EventCountry "POL"]
[SourceTitle "playchess.com"]
[Source "ChessBase"]
[SourceQuality "1"]

{[%evp 9,47,0,25,21,14,0,29,0,16,-11,-22,-35,-35,-48,-43,-48,43,-48,-68,-22,0,-104,-89,-126,147,137,144,152,372,379,499,527,515,524,666,647,759,758,799,801]} 1. c4 Nf6 2. g3 e5 3. Bg2 c6 4. d4 e4 5. Nc3 d5 6. cxd5 {A20: English Opening: 1...e5} (6. Bg5 Bb4 7. Qb3 Bxc3+ 8. Qxc3 O-O 9. f3 dxc4 10. Bxf6 Qxf6 11. fxe4 c5 12. e5 cxd4 13. exf6 dxc3 14. fxg7 {½-½ (40) McShane,L (2647)-Anand,V (2783) Germany 2018}) 6... cxd5 7. Bg5 Nbd7 8. f3 {[%cal Rf3e4] White has an edge.} h6 9. Bf4 Bb4 10. Qb3 Qe7 11. fxe4 $146 ({Predecessor:} 11. Rc1) 11... dxe4 12. Nh3 g5 (12... Nb6 $15) 13. Nxg5 ({White should play} 13. Bd2 $1 $14) 13... hxg5 $15 14. Bxg5 {White wants to play 0-0.} Rg8 15. h4 (15. Bh4 $1 $11 {was the only way to keep the balance.}) 15... Qd6 {[%mdl 64] Double Attack} 16. O-O Qxg3 $2 {[%mdl 8192]} (16... Bxc3 $17 17. Qxc3 Nd5) 17. Rxf6 $16 (17. Qxb4 Rxg5 18. hxg5 Ng4 $17) 17... Nxf6 18. Nd5 {[%mdl 64] Discovered Attack} (18. Qxb4 Rxg5 19. Qa4+ Kd8 $1 {[%mdl 512]} 20. Qa5+ Rxa5 21. Nd5 Rxd5 22. e3 Ng4 23. Rc1 Qxe3+ 24. Kh1 Qxc1+ {[%mdl 64] Double Attack} 25. Bf1 Qxf1#) 18... Qxb3 $2 (18... Rxg5 $16 {was worth a try.} 19. Nxf6+ {[#]} (19. hxg5 Qxg5 20. Nxf6+ Qxf6 $11) 19... Ke7 $1 {[%mdl 512]} 20. hxg5 (20. Qxb4+ Kxf6 21. hxg5+ Kg7 $11) 20... Qxb3 21. axb3 Bd2) 19. Nxf6+ $18 Kf8 20. Bh6+ {White is clearly winning.} ({Not} 20. axb3 Rh8 $16) 20... Rg7 21. axb3 Bd2 22. Bxd2 {[%cal Rd2b4]} Rg6 23. Bg5 Kg7 24. Rf1 {Accuracy: White = 40%, Black = 18%.} 1-0

[Event "30th Cracovia Festival-A 2019"]
[Site "Krakow"]
[Date "2019.12.30"]
[Round "5.14"]
[White "Belous, Mikhail"]
[Black "Grabowski, Pawel"]
[Result "1-0"]
[WhiteElo "2349"]
[BlackElo "2281"]
[Annotator "NA"]
[PlyCount "45"]
[EventDate "2019.12.27"]
[EventCountry "POL"]
[SourceTitle "playchess.com"]
[Source "ChessBase"]
[SourceQuality "1"]
[TimeControl "40/5400+30:1800+30"]

1. d4 {[%emt 0:00:00]} Nf6 {[%emt 0:00:57]} 2. c4 {[%emt 0:00:00]} g6 {[%emt 0:00:18]} 3. f3 {[%emt 0:00:00]} Bg7 {[%emt 0:00:16]} 4. e4 {[%emt 0:00:00]} d6 {[%emt 0:00:32]} 5. Nc3 {[%emt 0:00:07]} c6 {[%emt 0:00:41]} 6. Be3 {[%emt 0:00:32]} a6 {[%emt 0:00:29]} 7. e5 {[%emt 0:01:41]} Nfd7 {[%emt 0:05:43]} 8. exd6 {[%emt 0:00:20]} exd6 {[%emt 0:00:26]} 9. Qd2 {[%emt 0:00:23]} O-O {[%emt 0:01:29]} 10. O-O-O {[%emt 0:00:26]} b5 {[%emt 0:01:31]} 11. Bh6 {[%emt 0:00:42]} Qa5 {[%emt 0:09:03]} 12. Kb1 {[%emt 0:21:54]} bxc4 {[%emt 0:08:52]} 13. d5 {[%emt 0:14:46]} Nc5 {[%emt 0:11:03]} 14. g4 {[%emt 0:08:04]} Nd3 {[%emt 0:09:51]} 15. Bxd3 {[%emt 0:03:32]} cxd3 {[%emt 0:00:36]} 16. h4 {[%emt 0:02:15]} Bxh6 {[%emt 0:14:21]} 17. Qxh6 {[%emt 0:00:07]} cxd5 {[%emt 0:02:22]} 18. h5 {[%emt 0:05:10]} Ra7 {[%emt 0:00:34]} 19. Nh3 {[%emt 0:00:51]} Qd8 {[%emt 0:05:40]} 20. Nxd5 {[%emt 0:02:48]} f6 {[%emt 0:03:57]} 21. hxg6 {[%emt 0:01:23]} Rg7 {[%emt 0:07:35]} 22. Nhf4 {[%emt 0:00:42]} Nc6 {[%emt 0:00:53]} 23. Qxg7+ {[%emt 0:14:10]} 1-0

[Event "30th Cracovia Festival-A 2019"]
[Site "Krakow"]
[Date "2019.12.30"]
[Round "5.15"]
[White "Kyc, Jerzy"]
[Black "Bugalski, Michal"]
[Result "1-0"]
[WhiteElo "2340"]
[BlackElo "2241"]
[Annotator "NA RC"]
[PlyCount "79"]
[EventDate "2019.12.27"]
[EventCountry "POL"]
[SourceTitle "playchess.com"]
[Source "ChessBase"]
[SourceQuality "1"]
[TimeControl "40/5400+30:1800+30"]

1. e4 {[%emt 0:00:00]} e5 {[%emt 0:00:00]} 2. Nf3 {[%emt 0:00:00]} Nc6 {[%emt 0:00:00]} 3. Bb5 {[%emt 0:00:00]} Nge7 {[%emt 0:00:00]} 4. c3 {[%emt 0:00:00]} d5 {[%emt 0:00:14]} 5. Nxe5 {[%emt 0:07:43]} dxe4 {[%emt 0:00:09]} 6. d4 {[%emt 0:02:11]} exd3 {[%emt 0:12:03]} 7. Qf3 {[%emt 0:08:57]} Be6 {[%emt 0:00:36]} 8. O-O {[%emt 0:09:10]} Qd5 {[%emt 0:03:05]} 9. Qxd5 {[%emt 0:08:07]} Bxd5 {[%emt 0:00:07]} 10. Nxc6 {[%emt 0:07:30]} Bxc6 {[%emt 0:06:06]} 11. Bxd3 {[%emt 0:03:46]} O-O-O {[%emt 0:00:15]} 12. Bc2 {[%emt 0:00:16]} Ng6 {[%emt 0:00:44]} 13. Be3 {[%emt 0:01:46]} Bd6 {[%emt 0:05:47]} 14. Nd2 {[%emt 0:12:46]} Rhe8 {[%emt 0:06:11]} 15. Nc4 {[%emt 0:02:41]} Be7 {[%emt 0:04:40]} 16. Rfd1 {[%emt 0:06:10]} Rd5 {[%emt 0:03:03]} 17. g3 {[%emt 0:03:51]} Red8 {[%emt 0:01:25]} 18. Bd4 {[%emt 0:02:00]} Rh5 {[%emt 0:19:45]} 19. Re1 {[%emt 0:05:58]} Bf6 {[%emt 0:02:43]} 20. Bd1 {[%emt 0:01:49]} Rg5 {[%emt 0:04:37]} 21. Be3 {[%emt 0:01:56]} Rgd5 {[%emt 0:21:27]} 22. Bf3 {[%emt 0:00:56]} Rd3 {[%emt 0:05:46]} 23. Bxc6 {[%emt 0:00:26]} bxc6 {[%emt 0:00:01]} 24. Bxa7 {[%emt 0:00:16]} h5 {[%emt 0:00:15]} 25. Be3 {[%emt 0:00:36]} h4 {[%emt 0:00:07]} 26. Kg2 {[%emt 0:00:13]} Ne7 {[%emt 0:00:25]} 27. Bd4 {[%emt 0:03:23]} Bxd4 {[%emt 0:03:22]} 28. Rxe7 {[%emt 0:00:04]} Bf6 {[%emt 0:00:05]} 29. Rxf7 {[%emt 0:02:49]} Rh8 {[%emt 0:00:01]} 30. a4 {[%emt 0:00:37]} h3+ {[%emt 0:00:05]} 31. Kf1 {[%emt 0:00:10]} Rhd8 {[%emt 0:01:19]} 32. Ke2 {[%emt 0:00:46]} R3d5 {[%emt 0:00:13]} 33. a5 {[%emt 0:00:49]} Re8+ {[%emt 0:00:36]} 34. Kf1 {[%emt 0:00:22]} Rc5 {[%emt 0:01:00]} 35. Ne3 {[%emt 0:03:32]} Kb7 {[%emt 0:00:31]} 36. a6+ {[%emt 0:00:47]} Kb6 {[%emt 0:00:01]} 37. Ra4 {[%emt 0:00:33]} Ra8 {[%emt 0:01:05]} 38. Nc4+ {[%emt 0:00:27]} Kb5 {[%emt 0:00:07]} 39. Rb4+ {[%emt 0:00:13]} Kxa6 {[%emt 0:00:07]} 40. Rxc7 {[%emt 0:00:00]} 1-0